[Event "CZE-chT U18 Extraliga Ost 1819"]
[Site "Czech Republic"]
[Date "2019.01.19"]
[Round "7.4"]
[White "Frank, Adam"]
[Black "Ochmyt, Jakub"]
[Result "1/2-1/2"]
[WhiteElo "2029"]
[BlackElo "1817"]
[PlyCount "91"]
[EventDate "2018.10.05"]
[EventType "team-tourn"]
[EventRounds "11"]
[EventCountry "CZE"]
[SourceTitle "EXT 2023"]
[Source "ChessBase"]
[SourceDate "2022.10.05"]
[SourceVersion "1"]
[SourceVersionDate "2022.10.05"]
[SourceQuality "1"]
[WhiteTeam "Frydek Mistek BSS (U18)"]
[BlackTeam "Orlova Slavia (U18)"]
[WhiteTeamCountry "CZE"]
[BlackTeamCountry "CZE"]

1. e4 e6 2. d4 d5 3. Nd2 c5 4. c3 Bd7 5. Bd3 Nc6 6. Ne2 dxe4 7. Nxe4 cxd4 8. cxd4 Nf6 9. 0-0 Nxe4 10. Bxe4 Bd6 11. Bf4 Bxf4 12. Nxf4 Qf6 13. Nh5 Qxd4 14. Qxd4 Nxd4 15. Nxg7+ Kf8 16. Nh5 Bc6 17. Bxc6 Nxc6 18. f4 Rd8 19. f5 Rd5 20. fxe6 Rxh5 21. Rxf7+ Ke8 22. Rc1 Rb5 23. b3 h5 24. Rg7 Rf8 25. Re1 Ne7 26. Rh7 Rc5 27. h3 Rg8 28. Re2 Rcg5 29. Rc2 b6 30. Rc7 Rxg2+ 31. Kf1 Rg1+ 32. Ke2 R8g2+ 33. Kf3 Rg3+ 34. Ke4 Rg7 35. Rxg7 Rxg7 36. Rxa7 Kd8 37. Rd7+ Kc8 38. Ke5 Rh7 39. Rd1 Rh6 40. Rf1 Kc7 41. Rf7 Kd8 42. Rf8+ Kc7 43. Rf7 Kd8 44. b4 h4 45. Rf8+ Kc7 46. Rf7 1/2-1/2

[Event "Karvina op"]
[Site "Karvina"]
[Date "2017.07.05"]
[Round "5"]
[White "Kordela, Monika"]
[Black "Ochmyt, Jakub"]
[Result "0-1"]
[WhiteElo "1638"]
[BlackElo "1711"]
[PlyCount "68"]
[EventDate "2017.07.01"]
[EventType "swiss"]
[EventRounds "9"]
[EventCountry "CZE"]
[SourceTitle "EXT 2018"]
[Source "ChessBase"]
[SourceDate "2017.10.13"]
[SourceVersion "1"]
[SourceVersionDate "2017.10.13"]
[SourceQuality "1"]

1. d4 Nf6 2. c4 g6 3. Nc3 Bg7 4. e4 d6 5. f3 Nbd7 6. Be3 b6 7. Qd2 Bb7 8. Nge2 e6 9. Nc1 a6 10. Nd3 e5 11. d5 Qe7 12. Be2 Nc5 13. Nxc5 bxc5 14. a3 a5 15. Nb5 0-0 16. Bg5 Qd7 17. g4 Ne8 18. h4 f6 19. Bh6 Bxh6 20. Qxh6 Qg7 21. Qd2 Qd7 22. Bd3 Ng7 23. 0-0-0 c6 24. Nc3 cxd5 25. cxd5 Ba6 26. Rdg1 Bxd3 27. Qxd3 Rab8 28. Rh2 Rb3 29. Qa6 Rfb8 30. Qxa5 Qb7 31. Nd1 Ra8 32. Qd2 Raxa3 33. bxa3 Rb1+ 34. Kc2 Qb3# 0-1

[Event "Karvina op"]
[Site "Karvina"]
[Date "2017.07.04"]
[Round "4"]
[White "Ochmyt, Jakub"]
[Black "Orzechowski, Jacek"]
[Result "0-1"]
[WhiteElo "1711"]
[BlackElo "2082"]
[PlyCount "84"]
[EventDate "2017.07.01"]
[EventType "swiss"]
[EventRounds "9"]
[EventCountry "CZE"]
[SourceTitle "EXT 2018"]
[Source "ChessBase"]
[SourceDate "2017.10.13"]
[SourceVersion "1"]
[SourceVersionDate "2017.10.13"]
[SourceQuality "1"]

1. d4 Nf6 2. Bg5 Ne4 3. h4 c5 4. e3 Qb6 5. Nc3 Nxc3 6. bxc3 e6 7. Nf3 Qa5 8. Qd3 b6 9. Nd2 cxd4 10. cxd4 Ba6 11. c4 d5 12. Qb3 Bb4 13. Rd1 h6 14. Bf4 dxc4 15. Bxc4 Bxc4 16. Qxc4 0-0 17. e4 Nd7 18. 0-0 Rac8 19. Qb3 Rc3 20. Nc4 Rxb3 21. Nxa5 Rc3 22. Nb3 Rc2 23. a4 Nf6 24. f3 Rfc8 25. Rc1 Ba3 26. Rxc2 Rxc2 27. Rb1 a5 28. Nd2 Bb4 29. Nb3 Ra2 30. Ra1 Rb2 31. Nc1 Bc3 32. Be3 Rb4 33. Ra2 Bxd4 34. Bxd4 Rxd4 35. Ne2 Rc4 36. Kf2 Nd7 37. Ra3 Nc5 38. Nc3 Kf8 39. Ke3 Ke7 40. g4 Rb4 41. f4 Rb2 42. Ne2 Nxe4 0-1

[Event "Karvina op"]
[Site "Karvina"]
[Date "2017.07.02"]
[Round "2"]
[White "Oleksy, Krzysztof"]
[Black "Ochmyt, Jakub"]
[Result "0-1"]
[WhiteElo "1632"]
[BlackElo "1711"]
[PlyCount "82"]
[EventDate "2017.07.01"]
[EventType "swiss"]
[EventRounds "9"]
[EventCountry "CZE"]
[SourceTitle "EXT 2018"]
[Source "ChessBase"]
[SourceDate "2017.10.13"]
[SourceVersion "1"]
[SourceVersionDate "2017.10.13"]
[SourceQuality "1"]

1. d4 Nf6 2. c4 g6 3. Nc3 Bg7 4. e4 d6 5. f3 Nbd7 6. Be3 e5 7. d5 b6 8. Bd3 Bb7 9. Nge2 a6 10. Qd2 Qe7 11. g4 Nc5 12. h4 h5 13. g5 Nfd7 14. b4 Nxd3+ 15. Qxd3 0-0 16. 0-0-0 Rfc8 17. a4 Re8 18. Kb2 Rac8 19. Nc1 a5 20. bxa5 bxa5 21. Nb3 Ra8 22. Nb5 Nb6 23. Ka3 Ba6 24. Qc3 Bxb5 25. cxb5 Ra7 26. Rc1 Rb8 27. Qe1 Qd7 28. Rc6 Bf8 29. Rh2 Be7 30. Bd2 Rba8 31. Nxa5 Bd8 32. Kb3 Kg7 33. Bb4 Kg8 34. Bc3 Qe8 35. f4 Nd7 36. Rc4 exf4 37. Nc6 Rxa4 38. Rxa4 Nc5+ 39. Kc2 Rxa4 40. e5 Ra2+ 41. Bb2 Rxb2+ 0-1

[Event "Liptovsky Mikulas CupT U20"]
[Site "Liptovsky Mikulas"]
[Date "2017.06.25"]
[Round "8.1"]
[White "Ochmyt, Jakub"]
[Black "Kulesza, Andrzej"]
[Result "1/2-1/2"]
[WhiteElo "1711"]
[BlackElo "1670"]
[PlyCount "120"]
[EventDate "2017.06.21"]
[EventType "team-swiss"]
[EventRounds "8"]
[EventCountry "SVK"]
[SourceTitle "CBM 179 Extra"]
[Source "ChessBase"]
[SourceDate "2017.08.23"]
[SourceVersion "1"]
[SourceVersionDate "2017.08.23"]
[SourceQuality "1"]
[WhiteTeam "Interchess"]
[BlackTeam "Krakow Wisla"]
[WhiteTeamCountry "CZE"]
[BlackTeamCountry "POL"]

1. d4 Nf6 2. Bg5 Ne4 3. h4 Nxg5 4. hxg5 e6 5. Nf3 c5 6. d5 d6 7. Nc3 Be7 8. Qd2 Na6 9. e4 Nc7 10. Nb5 a6 11. Nxc7+ Qxc7 12. Bd3 e5 13. c4 Qd8 14. 0-0-0 Bg4 15. Rdg1 Rc8 16. Kb1 b5 17. b3 b4 18. Bc2 a5 19. Qe3 Ra8 20. Kb2 Bd7 21. Bd3 a4 22. Ra1 Bg4 23. Rhg1 axb3 24. axb3 Rxa1 25. Kxa1 Qa5+ 26. Kb1 0-0 27. Qc1 Ra8 28. Qb2 Bxf3 29. gxf3 Qa3 30. Bf1 g6 31. Bh3 Kg7 32. Qxa3 Rxa3 33. Kb2 h6 34. gxh6+ Kxh6 35. Bd7 Ra7 36. Ba4 Bg5 37. Rh1+ Kg7 38. Kc2 Ra8 39. Kd3 Rh8 40. Rxh8 Kxh8 41. Bd7 Bc1 42. Ke2 Kg7 43. Bc8 Kh6 44. Bd7 Kg5 45. Bc8 Bb2 46. Bd7 Bd4 47. Bc8 f5 48. Bd7 Kf4 49. Be8 g5 50. exf5 Kxf5 51. Bd7+ Kf4 52. Be6 e4 53. fxe4 Kxe4 54. f3+ Kf4 55. Bd7 Bf6 56. Be8 Bb2 57. Bd7 Ke5 58. Kf2 Kd4 59. Kg3 Kc3 60. Ba4 Bc1 1/2-1/2

[Event "Liptovsky Mikulas CupT U20"]
[Site "Liptovsky Mikulas"]
[Date "2017.06.24"]
[Round "6.1"]
[White "Klementowski, Dawid"]
[Black "Ochmyt, Jakub"]
[Result "1-0"]
[WhiteElo "1984"]
[BlackElo "1711"]
[PlyCount "87"]
[EventDate "2017.06.21"]
[EventType "team-swiss"]
[EventRounds "8"]
[EventCountry "SVK"]
[SourceTitle "CBM 179 Extra"]
[Source "ChessBase"]
[SourceDate "2017.08.23"]
[SourceVersion "1"]
[SourceVersionDate "2017.08.23"]
[SourceQuality "1"]
[WhiteTeam "Jastrzebie Zdroj Pionier"]
[BlackTeam "Interchess"]
[WhiteTeamCountry "POL"]
[BlackTeamCountry "CZE"]

1. c4 e5 2. g3 Nf6 3. Bg2 Bc5 4. Nc3 Nc6 5. e3 0-0 6. Nge2 Re8 7. d3 d6 8. 0-0 a6 9. a3 a5 10. h3 Be6 11. d4 exd4 12. exd4 Nxd4 13. Nxd4 Bxc4 14. Be3 Bxf1 15. Qxf1 c6 16. Rd1 Qc7 17. Qd3 h6 18. Bf3 Rad8 19. Kg2 Nd7 20. Qf5 Re5 21. Qc2 Ree8 22. Ne4 Bb6 23. Bf4 Ne5 24. Be2 d5 25. Nc5 Qe7 26. b4 axb4 27. axb4 Bxc5 28. bxc5 Qf6 29. Nf5 g5 30. Be3 Re6 31. Rb1 Rd7 32. Bd4 Qg6 33. g4 f6 34. Rb2 Qh7 35. Qa4 Re8 36. Qc2 Ra8 37. Qc3 Re8 38. Ra2 Ng6 39. Bd1 Nf4+ 40. Kg3 h5 41. Bxf6 hxg4 42. Bxg4 Rf7 43. Nd6 Qh4+ 44. Kh2 1-0

[Event "Liptovsky Mikulas CupT U20"]
[Site "Liptovsky Mikulas"]
[Date "2017.06.23"]
[Round "5.1"]
[White "Ochmyt, Jakub"]
[Black "Szczurek, Krzysztof"]
[Result "1-0"]
[WhiteElo "1711"]
[BlackElo "2068"]
[PlyCount "147"]
[EventDate "2017.06.21"]
[EventType "team-swiss"]
[EventRounds "8"]
[EventCountry "SVK"]
[SourceTitle "CBM 179 Extra"]
[Source "ChessBase"]
[SourceDate "2017.08.23"]
[SourceVersion "1"]
[SourceVersionDate "2017.08.23"]
[SourceQuality "1"]
[WhiteTeam "Interchess"]
[BlackTeam "Krakow CC"]
[WhiteTeamCountry "CZE"]
[BlackTeamCountry "POL"]

1. d4 Nf6 2. Bg5 d5 3. Bxf6 exf6 4. e3 Bd6 5. g3 Bf5 6. Bg2 0-0 7. Ne2 Qd7 8. Nd2 c6 9. 0-0 Bh3 10. Rc1 b5 11. e4 Bxg2 12. Kxg2 Bc7 13. a3 Bb6 14. c3 Na6 15. Nf4 dxe4 16. Nxe4 f5 17. Nd2 Rad8 18. Nf3 Qb7 19. Qc2 g6 20. Rcd1 Bc7 21. Nd3 Bd6 22. b4 Nc7 23. Nc5 Bxc5 24. dxc5 Nd5 25. Nd4 Rd7 26. Rd2 Rfd8 27. Rfd1 f4 28. c4 bxc4 29. Qxc4 fxg3 30. hxg3 Nc7 31. Kg1 Nb5 32. Rd3 Nc7 33. R1d2 Rd5 34. Qc3 Qa6 35. Kg2 Qb7 36. Kg1 a6 37. Qc4 Re8 38. Nf3 Qc8 39. Rxd5 Nxd5 40. Re2 Rd8 41. Ne5 h5 42. Qc2 Qe6 43. Nf3 Qf6 44. Ne5 Kh7 45. Re4 Re8 46. Nc4 Rd8 47. Kg2 Qg7 48. Nd6 Qf6 49. Qd3 Rxd6 50. cxd6 Qxd6 51. Qxa6 Nf6 52. Rf4 Qd5+ 53. Rf3 Ng4 54. Qd3 Qe5 55. Rxf7+ Kh6 56. Qd2+ g5 57. Qd3 Nf6 58. Qf3 Kg6 59. Ra7 h4 60. g4 Qa1 61. Ra5 Nd5 62. Qf5+ Kh6 63. Qe6+ Nf6 64. Qf5 Nd5 65. Qf8+ Kg6 66. Qg8+ Kh6 67. Qe6+ Nf6 68. Rf5 Kg6 69. Rf3 Kg7 70. Qe7+ Kg6 71. Qe6 Kg7 72. Qf5 h3+ 73. Rxh3 Qc1 74. Rf3 1-0

[Event "CZE-chT U18 Extraliga Ost 1516"]
[Site "Czech Republic"]
[Date "2015.10.04"]
[Round "3.3"]
[White "Jurasek, Vojtech"]
[Black "Ochmyt, Jakub"]
[Result "1/2-1/2"]
[WhiteElo "1681"]
[BlackElo "1641"]
[PlyCount "77"]
[EventDate "2015.10.03"]
[EventType "team-tourn"]
[EventRounds "11"]
[EventCountry "CZE"]
[SourceTitle "EXT 2022"]
[Source "ChessBase"]
[SourceDate "2021.10.06"]
[SourceVersion "1"]
[SourceVersionDate "2021.10.06"]
[SourceQuality "1"]
[WhiteTeam "Brno Lokomotiva U18"]
[BlackTeam "Orlova Slavia U18 II"]
[WhiteTeamCountry "CZE"]
[BlackTeamCountry "CZE"]

1. d4 Nf6 2. c4 g6 3. Nc3 Bg7 4. Nf3 0-0 5. Bg5 d6 6. e3 Bf5 7. Bd3 Bxd3 8. Qxd3 Nbd7 9. 0-0 c5 10. Rac1 Re8 11. Nd2 a6 12. a4 Qc7 13. Rfe1 e5 14. d5 h6 15. Bh4 g5 16. Bg3 Nf8 17. f3 Ng6 18. Bf2 Qd7 19. h3 Re7 20. Kh2 Rae8 21. g3 Nh5 22. g4 Nf6 23. b3 Rf8 24. Nf1 Ne8 25. Ng3 Nh4 26. e4 Nf6 27. Nd1 Rb8 28. Nc3 Ne8 29. Rb1 a5 30. Nb5 Nc7 31. Nxc7 Qxc7 32. Nf5 Nxf5 33. exf5 Bf6 34. Kg2 Kg7 35. Rh1 Rbe8 36. Rbe1 Qb6 37. Re4 Rh8 38. h4 Ra8 39. h5 1/2-1/2

[Event "Senica op 6th"]
[Site "Senica"]
[Date "2015.08.30"]
[Round "5"]
[White "Kurus, Artem"]
[Black "Ochmyt, Jakub"]
[Result "1/2-1/2"]
[WhiteElo "1000"]
[BlackElo "1641"]
[PlyCount "88"]
[EventDate "2015.08.27"]
[EventType "swiss"]
[EventRounds "7"]
[EventCountry "SVK"]
[SourceTitle "EXT 2016"]
[Source "ChessBase"]
[SourceDate "2015.10.08"]
[SourceVersion "1"]
[SourceVersionDate "2015.10.08"]
[SourceQuality "1"]

1. d4 Nf6 2. c4 g6 3. Nc3 Bg7 4. e4 d6 5. Bg5 0-0 6. Qd2 Nbd7 7. Bh6 e5 8. Bxg7 Kxg7 9. d5 Nc5 10. Bd3 Nh5 11. Nge2 f5 12. 0-0-0 Nxd3+ 13. Qxd3 Qg5+ 14. Qe3 f4 15. Qf3 Bg4 16. h4 Bxf3 17. hxg5 Bxg2 18. Rhg1 f3 19. Rde1 Nf4 20. Nxf4 Rxf4 21. Nb5 Rc8 22. Nxa7 Rcf8 23. Nb5 R8f7 24. b4 b6 25. a4 Bh3 26. Kd2 Kf8 27. Ke3 Ke8 28. Ra1 Kd8 29. a5 bxa5 30. Rxa5 Rh4 31. Ra8+ Kd7 32. Ra7 Kd8 33. Ra8+ Kd7 34. Ra7 Kd8 35. Nxd6 Rff4 36. Nb7+ Kc8 37. Nc5 Kd8 38. Ne6+ Bxe6 39. dxe6 Rxe4+ 40. Kxf3 Rhf4+ 41. Kg2 Rg4+ 42. Kf1 Rxg1+ 43. Kxg1 Rxc4 44. b5 Rb4 1/2-1/2

[Event "Senica op 6th"]
[Site "Senica"]
[Date "2015.08.29"]
[Round "4"]
[White "Ochmyt, Jakub"]
[Black "Gaj, Magdalena"]
[Result "1/2-1/2"]
[WhiteElo "1641"]
[BlackElo "1173"]
[PlyCount "85"]
[EventDate "2015.08.27"]
[EventType "swiss"]
[EventRounds "7"]
[EventCountry "SVK"]
[SourceTitle "EXT 2016"]
[Source "ChessBase"]
[SourceDate "2015.10.08"]
[SourceVersion "1"]
[SourceVersionDate "2015.10.08"]
[SourceQuality "1"]

1. d4 d5 2. c4 e6 3. Nc3 f5 4. Nf3 c6 5. Bg5 Nf6 6. e3 Be7 7. Rc1 0-0 8. Bd3 Ne4 9. Bxe7 Qxe7 10. cxd5 exd5 11. 0-0 Be6 12. Ne5 Nd7 13. f4 Ndf6 14. Bxe4 Nxe4 15. Rf3 Bf7 16. Rh3 Kh8 17. Nxe4 fxe4 18. a3 Kg8 19. Qe1 Be6 20. g4 Bf7 21. Qg3 Rac8 22. Rc5 Ra8 23. Rc2 Rac8 24. Rc5 Ra8 25. g5 Be6 26. Rh5 Bf7 27. Rh4 Be6 28. Rc2 Rac8 29. Rc5 Ra8 30. Qf2 Rac8 31. Qe2 Qe8 32. b4 a6 33. Rc2 Ra8 34. Rc5 Rc8 35. Qg2 Qe7 36. Qg3 Bf5 37. Ng4 Qd7 38. Ne5 Qe7 39. Ng4 Qd7 40. Nf2 Qe7 41. Qg2 Qd7 42. Nd1 Qe7 43. Nf2 1/2-1/2

[Event "CZE-ch U20 sf"]
[Site "Frydek Mistek"]
[Date "2014.11.18"]
[Round "4"]
[White "Filip, Tomas"]
[Black "Ochmyt, Jakub"]
[Result "1/2-1/2"]
[WhiteElo "1716"]
[BlackElo "1569"]
[PlyCount "57"]
[EventDate "2014.11.16"]
[EventType "swiss"]
[EventRounds "9"]
[EventCountry "CZE"]
[SourceTitle "CBM 163 Extra"]
[Source "ChessBase"]
[SourceDate "2014.12.23"]
[SourceVersion "1"]
[SourceVersionDate "2014.12.23"]
[SourceQuality "1"]

1. e4 e6 2. d4 d5 3. exd5 exd5 4. c4 c6 5. Bd3 Nf6 6. Bg5 Be7 7. Nf3 0-0 8. 0-0 Bg4 9. Nc3 Bxf3 10. Qxf3 dxc4 11. Bc2 Qxd4 12. Rad1 Qb6 13. Rfe1 Qxb2 14. Rd2 Qb4 15. Bxf6 Bxf6 16. Qf5 g6 17. Qxf6 Na6 18. Rd7 Nc5 19. Rc7 Qb2 20. Bb1 Rae8 21. Rd1 Na4 22. Bxg6 hxg6 23. Rxf7 Rxf7 24. Qxg6+ Kf8 25. Qh6+ Kg8 26. Qg6+ Kf8 27. Qh6+ Kg8 28. Qg6+ Kf8 29. Qh6+ 1/2-1/2

[Event "CZE-ch U20 sf"]
[Site "Frydek Mistek"]
[Date "2014.11.18"]
[Round "3"]
[White "Zilavy, Jan"]
[Black "Ochmyt, Jakub"]
[Result "1-0"]
[WhiteElo "1931"]
[BlackElo "1569"]
[PlyCount "71"]
[EventDate "2014.11.16"]
[EventType "swiss"]
[EventRounds "9"]
[EventCountry "CZE"]
[SourceTitle "CBM 163 Extra"]
[Source "ChessBase"]
[SourceDate "2014.12.23"]
[SourceVersion "1"]
[SourceVersionDate "2014.12.23"]
[SourceQuality "1"]

1. e4 e6 2. d4 d5 3. Nd2 dxe4 4. Nxe4 Bd7 5. Nf3 Bc6 6. Bd3 Nd7 7. 0-0 Ngf6 8. Nxf6+ Nxf6 9. c3 Be7 10. Re1 0-0 11. Ne5 Qd5 12. Nxc6 Qxc6 13. Re3 Rfd8 14. Rh3 Qd5 15. Qc2 g6 16. Bh6 c5 17. Qd2 cxd4 18. c4 Qc5 19. Re1 Qb4 20. Qe2 Qc5 21. a3 a5 22. Qd2 a4 23. f4 Ng4 24. Qe2 Nxh6 25. Rxh6 Bf8 26. Rh3 Bg7 27. g4 Re8 28. Qf2 h6 29. Rg3 Qa5 30. Rf1 e5 31. fxe5 Qc7 32. Rf3 Re7 33. e6 fxe6 34. Bxg6 e5 35. c5 Ra6 36. Rf8+ 1-0

[Event "EU Union-ch U12"]
[Site "Malenovice"]
[Date "2013.09.01"]
[Round "5"]
[White "Vilimova, Julie"]
[Black "Ochmyt, Jakub"]
[Result "1-0"]
[WhiteElo "1606"]
[BlackElo "1565"]
[PlyCount "87"]
[EventDate "2013.08.28"]
[EventType "swiss"]
[EventRounds "9"]
[EventCountry "CZE"]
[SourceTitle "CBM 156 Extra"]
[Source "ChessBase"]
[SourceDate "2013.10.22"]
[SourceVersion "1"]
[SourceVersionDate "2013.10.22"]
[SourceQuality "1"]

1. e4 e6 2. d4 d5 3. Nc3 dxe4 4. Nxe4 Nf6 5. Bg5 Be7 6. Nxf6+ Bxf6 7. Bxf6 Qxf6 8. Nf3 0-0 9. Bd3 Nc6 10. c3 Rd8 11. 0-0 Kh8 12. Qc2 h6 13. Rfe1 Bd7 14. Rad1 Ne7 15. c4 Bc6 16. Be4 Bxe4 17. Qxe4 c6 18. h3 Rd7 19. Rd2 Rad8 20. Red1 b5 21. b3 Qf5 22. Qe5 Ng6 23. Qxf5 exf5 24. d5 cxd5 25. Rxd5 Rxd5 26. Rxd5 Rxd5 27. cxd5 Kg8 28. Nd4 a6 29. Nxf5 Kf8 30. Kf1 Ne7 31. Ne3 Ke8 32. Ke2 Kd7 33. Kd3 Kd6 34. Kd4 g6 35. g3 Nc8 36. f3 a5 37. a3 Ne7 38. a4 bxa4 39. bxa4 Nc8 40. Nc4+ Kd7 41. Kc5 Kc7 42. d6+ Kd7 43. Ne5+ Ke6 44. Nxf7 1-0

[Event "EU Union-ch U12"]
[Site "Malenovice"]
[Date "2013.08.30"]
[Round "3"]
[White "Ochmyt, Jakub"]
[Black "Vrbova, Eva"]
[Result "1/2-1/2"]
[WhiteElo "1565"]
[BlackElo "1483"]
[PlyCount "80"]
[EventDate "2013.08.28"]
[EventType "swiss"]
[EventRounds "9"]
[EventCountry "CZE"]
[SourceTitle "CBM 156 Extra"]
[Source "ChessBase"]
[SourceDate "2013.10.22"]
[SourceVersion "1"]
[SourceVersionDate "2013.10.22"]
[SourceQuality "1"]

1. d4 d5 2. c4 c6 3. Nc3 Nf6 4. Bg5 e6 5. e3 Be7 6. cxd5 exd5 7. Nf3 Bf5 8. Be2 Nbd7 9. Rc1 0-0 10. 0-0 Ne4 11. Nxe4 Bxe4 12. Bxe7 Qxe7 13. Nd2 Nf6 14. Nxe4 Nxe4 15. Bd3 f5 16. Bxe4 fxe4 17. f3 Rae8 18. fxe4 Rxf1+ 19. Qxf1 Qxe4 20. Re1 Qc2 21. Qe2 Qxe2 22. Rxe2 Kf7 23. Rf2+ Kg6 24. Rf3 h6 25. Kf2 Re6 26. Kg3 Rf6 27. Rxf6+ Kxf6 28. Kf4 g5+ 29. Kf3 h5 30. e4 dxe4+ 31. Kxe4 Ke6 32. h3 h4 33. b4 b5 34. Kf3 Kf5 35. g3 hxg3 36. Kxg3 Kf6 37. Kf3 Kf7 38. Ke4 Ke6 39. Kf3 Kf7 40. Kg4 Kg6 1/2-1/2

[Event "Orlova op 10th"]
[Site "Orlova"]
[Date "2013.05.13"]
[Round "1"]
[White "Olsar, Jaroslav"]
[Black "Ochmyt, Jakub"]
[Result "1-0"]
[WhiteElo "2269"]
[BlackElo "1524"]
[PlyCount "37"]
[EventDate "2013.05.13"]
[EventType "swiss"]
[EventRounds "9"]
[EventCountry "CZE"]
[SourceTitle "CBM 154 Extra"]
[Source "ChessBase"]
[SourceDate "2013.06.25"]
[SourceVersion "2"]
[SourceVersionDate "2013.06.25"]
[SourceQuality "1"]

1. e4 e6 2. d4 d5 3. Nd2 dxe4 4. Nxe4 Nc6 5. Nf3 Be7 6. c3 Nf6 7. Bd3 0-0 8. 0-0 h6 9. Qe2 Nxe4 10. Qxe4 f5 11. Qe2 Bf6 12. Re1 Ne7 13. Bd2 c6 14. Rad1 Re8 15. Bc2 Nd5 16. Bxf5 Bd7 17. Bc2 e5 18. Qe4 Kf8 19. dxe5 1-0